00714 a2200157 4500020001500000040001300015082001300028245015600041260004300197300003400240500018900274650002200463650002400485650002200509700002500531 a0387219153 aDLCbDLC00a612.382210aAuditory signal processing: physiology, psychoacoustics, and modelsbphysiology, psychoacoustics, and models cDaniel Pressnitzer ... [et al.], editors aNew York, NY, USA :bSpringer,cc2005. axiv, 524 p. :bill. ;c25 cm. a"This book contains the papers that were presented at the XIIIth International Symposium on Hearing (ISH), which was held in Dourdan, France, between August 24 and 29, 2003"--Foreword. 0aAuditory pathways 0aAuditory perception 0aSignal processing1 aPressnitzer, Daniel.